England or New England? - Statistics

General Stats
  • This quiz has been taken 88 times
  • The average score is 9 of 15
Answer Stats
Question Answer % Correct
Where the modern game of tennis was invented England, UK
92%
Has hosted the Olympic Games England, UK
85%
Has never had a witch trial New England, Australia
85%
Birthplace of Bob Hope, Elizabeth Taylor and Keifer Sutherland England, UK
77%
Is northernmost England, UK
77%
Highest point is Round Mountain New England, Australia
77%
Has an annual Portuguese cultural festival called the Feast of the Blessed Sacrament New England, USA
69%
Has the University of New England New England, Australia
46%
Is the largest New England, USA
46%
Where the sport of volleyball was invented New England, USA
46%
The closest to another country geographically (by Jetpunk definition of country) New England, USA
46%
Has the Guy Fawkes River National Park New England, Australia
38%
Has a local separatist movement that got as far as a referendum in 1967 New England, Australia
38%
Longest continuous occupation by humans New England, Australia
31%
The first telephone directory was published here in 1878 New England, USA
31%
No matching quizzes found
Score Distribution
Percent of People with Each Score
Percentile by Number Answered
Your Score History
You have not taken this quiz